|
|
|
|
| LEADER |
01064nam a2200265 a 4500 |
| 001 |
5855 |
| 005 |
20150131111547.0 |
| 008 |
130731s1985 caua b 000 0 eng d |
| 010 |
|
|
|a 85062371
|
| 020 |
|
|
|a 0803925530 (pbk.)
|
| 040 |
|
|
|a DLC
|c DLC
|d DLC
|d BD-DhAAL
|
| 050 |
0 |
0 |
|a HA29
|b .D335 1985
|
| 082 |
0 |
0 |
|a 300/.1/5195
|2 19
|
| 100 |
1 |
|
|a Davis, James Allan,
|d 1929-
|9 2468
|
| 245 |
1 |
4 |
|a The logic of causal order /
|c James A. Davis.
|
| 260 |
|
|
|a Beverly Hills :
|b Sage Publications,
|c c1985.
|
| 300 |
|
|
|a 71 p. :
|b ill. ;
|c 22 cm.
|
| 490 |
1 |
|
|a A Sage university paper. Quantitative applications in the social sciences ;
|v no. 07-055
|
| 504 |
|
|
|a Includes bibliography (p. 70).
|
| 541 |
|
|
|e 5855
|
| 650 |
|
0 |
|a Social sciences
|x Statistical methods.
|9 2469
|
| 830 |
|
0 |
|a Sage University papers series.
|p Quantitative applications in the social sciences ;
|v no. 07-055.
|9 2448
|
| 942 |
|
|
|2 ddc
|c BK
|
| 999 |
|
|
|c 13789
|d 13789
|
| 952 |
|
|
|0 0
|1 0
|2 ddc
|4 0
|6 300_151950000000000_DAV
|7 0
|9 23063
|a BRACUL
|b BRACUL
|c GEN
|d 2013-07-31
|l 0
|o 300.15195 DAV
|p 3010005855
|r 2013-07-31
|t 1
|w 2013-07-31
|y BK
|